Matt Schaub's Texans Touchdown Passes - Statistics

General Stats
  • This quiz has been taken 13 times
  • The average score is 7 of 16
Answer Stats
Touchdowns Caught Player % Correct
32 Andre Johnson
100%
1 DeAndre Hopkins
100%
7 Arian Foster
82%
18 Kevin Walter
73%
22 Owen Daniels
73%
11 Jacoby Jones
64%
2 Vonta Leach
55%
5 Steve Slaton
45%
7 Garrett Graham
36%
9 Joel Dreessen
36%
1 Andre' Davis
18%
4 James Casey
18%
2 Keshawn Martin
18%
1 Lestar Jean
18%
1 David Anderson
0%
1 Ryan Moats
0%
No matching quizzes found
Score Distribution
Percent of People with Each Score
Percentile by Number Answered
Your Score History
You have not taken this quiz